000 006250000a22002170004500
003 LK-CoMWRAF
005 20231211095703.0
008 230817t1968 ||||| |||| 00| 0 eng d
040 _aLK-CoMWRAF
_dLK-CoMWRAF
_eLK-CoMWRAF
041 _aeng
082 _a296
_bEL
100 _aEl-Saadani, Mustapha
245 _aThe United States and the Jews
260 _aCairo:
_bSupreme Council for Islamic Affairs,
_c[1968]
300 _a 62 p.; portrait, 20 cm
490 _aStudies in Islam
650 _aJEWS
650 _aJews- United States-Politics and government
700 _aMetwalli, Ahmad Kamel
_etrans.
942 _cBK
999 _c3070
_d3070